01832nabaa22001937a 4500003000400000005001700004008004100021040000700062100002000069245010000089300001500189500003600204505111000240505008901350650002701439650003001466650002901496773011301525OSt20260123205715.0190701b xxu||||| |||| 00| 0 spa d cPJ aGarda, Juan B. 10aUn foro de principios para la "teoría general del contrato administrativo" /bJuan B. Garda.  ap. 146-189 aCita: TR LALEY AR/DOC/446/2024  aSumario: I. Introducción.— II. El contrato administrativo. Origen.— III. El contrato como especie de "acto administrativo".— IV. Perspectivas contrarias a la categoría jurídica. Especial referencia a la tesis de Mairal.— V. Distintos criterios para su conceptualización (teorías del contrato administrativo). Postura adoptada al respecto por la CSJN.— VI. El triple efecto jurídico y la cuádruple clasificación del instituto. Contratos regidos parcialmente por el derecho privado.— VII. Ecuación económica financiera contractual: conceptualización técnica y formas de violentarla.— VIII. La teoría de la invalidez administrativa y su fuerza expansiva a la categoría contrato administrativo.— IX. Plazo de caducidad y contratos administrativos.— X. Doctrina de la CSJN sobre "inexistencia contractual" ante omisión de licitación pública exigida por ley. Análisis crítico.— XI. Extinción del contrato administrativo. Supuestos normales y anormales.— XII. Consideraciones finales.— XIII. Bibliografía complementaria (por orden alfabético).  t¿Te interesa el texto completo? Comunicate al correo: koha@justierradelfuego.gov.ar 0aDERECHO ADMINISTRATIVO 0aCONTRATOS ADMINISTRATIVOS 0aJURISPRUDENCIA APLICABLE0 02842dBuenos Aires : AbeledoPerrot, 2012-oDA121tDerecho administrativo. Nº 152 marzo/abril 2024z18510590